Statistiques concernant Communes de l'arrondissement d'Altkirch

Cliquez ici pour prendre le quiz!

Statistiques générales

  • Ce quiz a été pris 4 fois
  • Le résultat moyen est 103 sur 116

Statistiques - réponses

Code INSEE Commune/Gmeinde % Correct
68002Altenach
100%
68214Montreux-Jeune
100%
68268Retzwiller
100%
68259Raedersdorf
100%
68257Pfetterhouse
100%
68248Oltingue
100%
68243Oberlarg
100%
68240Oberdorf
100%
68222Muespach-le-Haut
100%
68221Muespach-le-Bas
100%
68216Moos
100%
68215Montreux-Vieux
100%
68212Mœrnach
100%
68284Roppentzwiller
100%
68202Mertzen
100%
68191Luemschwiller
100%
68190Lucelle
100%
68187Linsdorf
100%
68186Ligsdorf
100%
68184Liebsdorf
100%
68181Levoncourt
100%
68004Altkirch
100%
68169Kœstlach
100%
68165Kiffis
100%
68273Riespach
100%
68288Ruederbach
100%
68149Illfurth
100%
68337Traubach-le-Haut
100%
68378Wolfersdorf
100%
68377Wittersdorf
100%
68373Winkel
100%
68371Willer
100%
68363Werentzhouse
100%
68356Walheim
100%
68355Waldighofen
100%
68347Vieux-Ferrette
100%
68346Valdieu
100%
68340Uberstrass
100%
68336Traubach-le-Bas
100%
68293Saint-Cosme
100%
68333Tagsdorf
100%
68332Tagolsheim
100%
68330Strueth
100%
68325Steinsoultz
100%
68320Spechbach-le-Haut
100%
68319Spechbach-le-Bas
100%
68312Sondersdorf
100%
68306Seppois-le-Haut
100%
68305Seppois-le-Bas
100%
68303Schwoben
100%
68299Saint-Ulrich
100%
68158Jettingen
100%
68176Largitzen
100%
68148Hundsbach
100%
68067Courtavon
100%
68087Feldbach
100%
68086Falkwiller
100%
68141Hochstatt
100%
68080Emlingen
100%
68079Elbach
100%
68077Eglingen
100%
68075Durmenach
100%
68074Durlinsdorf
100%
68068Dannemarie
100%
68065Chavannes-sur-l'Étang
100%
68092Fislis
100%
68062Carspach
100%
68057Buethwiller
100%
68039Bisel
100%
68035Biederthal
100%
68034Bettlach
100%
68033Bettendorf
100%
68027Berentzwiller
100%
68025Bendorf
100%
68017Ballersdorf
100%
68010Aspach
100%
68090Ferrette
100%
68380Wolschwiller
100%
68096Franken
100%
68108Grentzingen
100%
68139Hirtzbach
100%
68138Hirsingue
100%
68133Henflingen
100%
68131Heiwiller
100%
68128Heimersdorf
100%
68127Heidwiller
100%
68114Guevenatten
100%
68124Hausgauen
100%
68107Gommersdorf
100%
68105Gildwiller
100%
68098Friesen
100%
68100Fulleren
100%
68006Ammertzwiller
50%
68245Obermorschwiller
50%
68018Balschwiller
50%
68025Bellemagny
50%
68137Hindlingen
50%
68099Frœningen
50%
68220Moyen-Muespach
50%
68081Enschingen
50%
68339Uberkumen
50%
68125Hecken
50%
68049Bouxwiller
50%
68050Bréchaumont
50%
68053Brinighoffen
50%
68326Sternenberg
50%
68236Niederlarg
50%
68119Hagenbach
50%
68192Lutran
50%
68194Lutter
50%
68196Magny
50%
68071Diefmatten
50%
68282Romagny
50%
68085Eteimbes
50%
68052Bretten
0%
68200Manspach
0%

Distribution des résultats

Percentile par nombre de réponses

% des personnes avec chaque résultat

Votre développement - résultats

Vous n’avez pas pris ce quiz